000 00638nam a2200217 a 4500
001 9585
003 CO-ViMGA
008 141112s2004 ck r 000 u spa d
040 _aCO-ViMGA
_bspa
_cCO-ViMGA
082 0 4 _a657.45 S571
100 1 _aSierra ; Guillermo, Manuel Orta,
_910914
245 1 0 _aTeoría de la Auditoría Financiera
260 _aMadrid :
_bMcGraw - Hill,
_c1996
300 _a303p.
650 1 4 _aAUDITORIA FINANCIERA
_910915
650 1 4 _aética PROFESIONAL
650 1 4 _aEVALUACION DE LA EVIDENCIA
_910916
650 1 4 _aEVIDENCIA EN AUDITORIA
_910917
650 1 4 _aPROGRAMA DE AUDITORIA
_910918
942 _2ddc
_cBK
999 _c21064
_d21064